LEADER 01124cam0 22002653 450 001 SON0001013 005 20221019093815.0 100 $a20000530d1983 |||||ita|0103 ba 101 $aita 102 $aIT 200 1 $aObblighi reciproci ed obblighi erga omnes degli stati nel campo della protezione internazionale dell'ambiente marino dall'inquinamento$fPaolo Picone 210 $aMilano$cGiuffrè$d1983 215 $aP. 18-135, 10-13$d24 cm 300 $aEstratto dal volume : Diritto internazionale e protezione dell'ambiente marino/a cura di Vincenzo Starace 300 $aDati in cop. 700 1$aPicone$b, Paolo$3AF00003658$4070$0132950 801 0$aIT$bUNISOB$c20221019$gRICA 850 $aUNISOB 852 $aUNISOB$j340$m101819 912 $aSON0001013 940 $aM 102 Monografia moderna SBN 941 $aM 957 $a340$b002419$gSI$d101819$rDONO|PRO|PICONE$1carrano$2UNISOB$3UNISOB$420110719143434.0$520110719143523.0$6carrano 996 $aObblighi reciproci ed obblighi erga omnes degli stati nel campo della protezione internazionale dell'ambiente marino dall'inquinamento$91731855 997 $aUNISOB